| 000 | 00402nam a22001577a 4500 | ||
|---|---|---|---|
| 999 |
_c7275 _d7275 |
||
| 003 | GBCCL | ||
| 005 | 20241126110624.0 | ||
| 008 | 180723b ||||| |||| 00| 0 eng d | ||
| 040 | _cGBC | ||
| 082 |
_a268.61 _bBIB |
||
| 245 | _aBible book study commentary | ||
| 260 |
_aNashville : _bConvention press, _c19- |
||
| 300 | _av. | ||
| 650 |
_aSunday school lessons _vcommentaries _912884 |
||
| 942 |
_2ddc _cBK _01 |
||